Método para la locación de proyectos de vivienda de alta densidad en la GAM y dirigido a desarrolladores
Uloženo v:
| Hlavní autor: | |
|---|---|
| Další autoři: | |
| Médium: | Neznámo |
| Jazyk: | Spanish |
| Vydáno: |
[San José,Costa Rica]
2013
|
| Témata: |
PROYECTOS DE VIVIENDA - METODOLOGIA - GRAN AREA METROPOLITANA (COSTA RICA)
> PROYECTOS DE DESARROLLO - METODOLOGIA
> GRAN AREA METROPOLITANA (COSTA RICA) - POBLACION
> GRAN AREA METROPOLITANA (COSTA RICA) - CONDICIONES SOCIALES
> DESARROLLO URBANO - GRAN AREA METROPOLITANA (COSTA RICA)
> GRAN AREA METROPOLITANA (COSTA RICA) - CONDICIONES ECONOMICAS
> URBANISMO - GRAN AREA METROPOLITANA (COSTA RICA)
|
| On-line přístup: | https://cedi.ucr.ac.cr/arquitectura/metodo-para-la-locacion-de-proyectos-de-vivienda-de-alta-densidad-en-la-gam-y-dirigido-a-desarrolladores/ |
| Tagy: |
Přidat tag
Žádné tagy, Buďte první, kdo vytvoří štítek k tomuto záznamu!
|
MARC
| LEADER | 00000 a2200000 4500 | ||
|---|---|---|---|
| 003 | EA0034 | ||
| 005 | 20230627155938.0 | ||
| 008 | 140114s2013 cr a 000 ||spa d | ||
| 040 | |c cru CEDI | ||
| 090 | |a TFG EA-034 | ||
| 100 | |a Castro Vargas, Alejandro de Jesús |9 19979 | ||
| 245 | |a Método para la locación de proyectos de vivienda de alta densidad en la GAM y dirigido a desarrolladores | ||
| 260 | |a [San José,Costa Rica] |c 2013 | ||
| 500 | |a Proyecto de graduación (licenciatura en arquitectura)--Universidad de Costa Rica. Facultad de Ingeniería. Escuela de Arquitectura, | ||
| 501 | |a Director de Proyecto de Graduación: Msc Federico Rodríguez Rodríguez | ||
| 651 | |x PROYECTOS DE VIVIENDA - METODOLOGIA - GRAN AREA METROPOLITANA (COSTA RICA) |x PROYECTOS DE DESARROLLO - METODOLOGIA |x GRAN AREA METROPOLITANA (COSTA RICA) - POBLACION |x GRAN AREA METROPOLITANA (COSTA RICA) - CONDICIONES SOCIALES |x DESARROLLO URBANO - GRAN AREA METROPOLITANA (COSTA RICA) |x GRAN AREA METROPOLITANA (COSTA RICA) - CONDICIONES ECONOMICAS |x URBANISMO - GRAN AREA METROPOLITANA (COSTA RICA) |9 19980 | ||
| 700 | |9 86 |a Rodríguez Rodríguez, Federico, 1974- |d Director/a del TFG | ||
| 856 | |u https://cedi.ucr.ac.cr/arquitectura/metodo-para-la-locacion-de-proyectos-de-vivienda-de-alta-densidad-en-la-gam-y-dirigido-a-desarrolladores/ |y https://cedi.ucr.ac.cr/arquitectura/metodo-para-la-locacion-de-proyectos-de-vivienda-de-alta-densidad-en-la-gam-y-dirigido-a-desarrolladores/ | ||
| 942 | |c CEDI |2 ddc | ||
| 999 | |c 12934 |d 12934 | ||
